| 000 | 00656nam a2200193 a 4500 | ||
|---|---|---|---|
| 003 | 0 | ||
| 005 | 20250415085321.0 | ||
| 008 | 060801s19uu xx 00 eng d | ||
| 050 |
_aPHS QK 99.A46 _b.N86 2006 |
||
| 100 | _aNuñez, Paul Michael. | ||
| 245 |
_aThe Use of Aloe barbadensis as an ingredient for hand sanitizers / _cPaul Michael Nuñez. |
||
| 260 |
_aLas Piñas City, Philippines : _bSouthville International School and Colleges, _c2006. |
||
| 300 |
_a29 pages : _billustrations ; _c28 cm. |
||
| 504 | _aIncludes bibliographical references. | ||
| 650 | _aAloe vera. | ||
| 650 | _aAntiseptics. | ||
| 650 |
_aHand _xCleansing. |
||
| 942 |
_2lcc _cPASS |
||
| 999 |
_c97651 _d97651 |
||